Finančné rozhodovanie o alokácii kapitálu do krátkodobých pohľadávok a peňažných prostriedkov diplomová práca

Guardado en:
Detalles Bibliográficos
Autor principal: Andrejovská, Martina
Autor Corporativo: Fakulta podnikového manažmentu EU. Katedra podnikových financií
Otros Autores: Fetisovová, Elena
Formato: Libro
Lenguaje:eslovaco
Publicado: Bratislava 2009
Etiquetas: Agregar Etiqueta
Sin Etiquetas, Sea el primero en etiquetar este registro!

MARC

LEADER 00000nam$a2200000$$$4500
001 0101352
005 20240319124518.3
041 0 |a slo 
044 |a SK 
245 1 0 |a Finančné rozhodovanie o alokácii kapitálu do krátkodobých pohľadávok a peňažných prostriedkov  |b diplomová práca  |c Martina Andrejovská ; škol. Elena Fetisovová 
264 1 |a Bratislava  |c 2009 
300 |a 67 s. 
100 1 |a Andrejovská, Martina 
700 1 |a Fetisovová, Elena 
710 2 |a Fakulta podnikového manažmentu EU. Katedra podnikových financií